00541cam a22001337a 4500008004000000082002300040100006800063245007200131260005000203300001200253500002800265999001900293952009500312180718b1933 xxu||||| |||| 00| 0 eng d aC0x54073 Un3j/33ev aUnited Kingdom. Joint Committee on Indian Constitutional Reform aEvidence before the Joint Committee on Indian Constitutional Reform aLondonbHer Majesty's Stationery Officec1933 a2 Parts aLibrary has Pt.2. 344+p c489176d489176 00104070aIIPAbIIPAd2018-08-04oC0x54073 Un3j/33evpGG2604r2018-08-04w2018-08-04yGG